Ekonomické listy odborný časopis Centra ekonomických studií Vysoké školy ekonomie a managementu a Vysoké školy ekonomie a managementu

Ekonomické listy sú elektronicky šírený recenzovaný vedecký časopis, jeho cieľom je prinášať state a analytické štúdie z oblasti ekonomickej teórie, hospodárskej politiky, podnikovej ekonomiky, managementu, marketingu, ľudských zdrojov a regionálneho a sociálneho rozvoja.

Na minha lista:
Detalhes bibliográficos
Autor Corporativo: Vysoká škola ekonomie a managementu
Formato: Periódico
Idioma:tcheco
eslovaco
inglês
Publicado em: Praha Centrum ekonomických studií VŠEM
Assuntos:
Tags: Adicionar Tag
Sem tags, seja o primeiro a adicionar uma tag!

MARC

LEADER 00000nls a2200000 4500
001 0198620
005 20231207133542.4
022 |a 1804-4166 
041 0 |a cze 
041 0 |a slo 
041 0 |a eng 
044 |a CZ 
245 1 0 |a Ekonomické listy  |b odborný časopis Centra ekonomických studií Vysoké školy ekonomie a managementu a Vysoké školy ekonomie a managementu 
264 1 |a Praha  |b Centrum ekonomických studií VŠEM 
500 |a Do r. 2017 vychádzal 3x ročne 
520 |a Ekonomické listy sú elektronicky šírený recenzovaný vedecký časopis, jeho cieľom je prinášať state a analytické štúdie z oblasti ekonomickej teórie, hospodárskej politiky, podnikovej ekonomiky, managementu, marketingu, ľudských zdrojov a regionálneho a sociálneho rozvoja. 
610 2 0 |a teórie ekonomické 
610 2 0 |a politika hospodárska 
610 2 0 |a podnikanie 
610 2 0 |a manažment 
610 2 0 |a rozvoj regionálny 
610 2 0 |a rozvoj sociálny 
710 2 |a Vysoká škola ekonomie a managementu